Random Knowledge Quiz #62 - Statistics

General Stats
  • This quiz has been taken 126 times
  • The average score is 10 of 21
Answer Stats
Question Answer % Correct
What mythical bird dies in flames and is reborn from the ashes? A phoenix
97%
What's the word of "a style of Japanese animation"? Anime
90%
What continent is Seychelles considered to be part of? Africa
87%
What war saw the use of tanks in battle for first time? World War I
86%
What is capital of Ireland? Dublin
83%
When playing 8-ball, how many balls are on a pool table at the start of a game, including cue ball? 16
82%
Which type of nut is used to make Nutella? Hazelnut
82%
What US city is serviced by O'Hare International Airport (ORD)? Chicago
63%
The world's first successful vaccine was developed to treat which disease? Smallpox
54%
What was the first part of the Lord of the Rings trilogy? The Fellowship of the Ring
48%
What was Hera the goddess of? Marriage, family, childbirth, and women
31%
Daphne
27%
Colin
25%
Name the Bridgerton siblings Anthony
24%
Eloise
24%
Benedict
22%
Francesca
22%
What did Princes William and Harry use as their last name while serving in the military? Wales
22%
Gregory
20%
Hyacinth
18%
Finish these lyrics: Empty spaces, what are we living for? / Abandoned places, I guess we know... The score
8%
No matching quizzes found
Score Distribution
Percent of People with Each Score
Percentile by Number Answered
Your Score History
You have not taken this quiz